[Event "Hillerod Byturnering D"]
[Site "Hillerod"]
[Date "2019.04.30"]
[Round "1"]
[White "Feldung, Arne"]
[Black "Jahic, Afan"]
[Result "1/2-1/2"]
[WhiteElo "1377"]
[BlackElo "1392"]
[PlyCount "87"]
[EventDate "2019.04.23"]
[EventType "swiss"]
[EventRounds "7"]
[EventCountry "DEN"]
[SourceTitle "EXT 2024"]
[Source "ChessBase"]
[SourceDate "2023.10.10"]
[SourceVersion "1"]
[SourceVersionDate "2023.10.10"]
[SourceQuality "1"]

1. d4 Nf6 2. Bf4 e6 3. Nf3 c5 4. c3 Nc6 5. Nbd2 cxd4 6. cxd4 Qb6 7. Nb3 Bb4+ 8. Bd2 Ne4 9. a3 Nxd2 10. Nfxd2 Bxd2+ 11. Nxd2 Qxd4 12. Qb3 0-0 13. Nf3 Qf6 14. e3 d5 15. Bb5 Bd7 16. Bxc6 Bxc6 17. 0-0 Rfd8 18. Nd4 Rab8 19. Qc3 Rdc8 20. Nxc6 Qxc3 21. bxc3 Rxc6 22. Rfc1 Rbc8 23. Rab1 b6 24. Rb3 e5 25. f3 d4 26. exd4 exd4 27. Rb4 dxc3 28. Rd4 Re6 29. Rcd1 g6 30. Rc1 Re2 31. Rd3 Rb2 32. Rdxc3 Rxc3 33. Rxc3 a5 34. Kf1 a4 35. h4 Rb3 36. Rc6 Rxa3 37. Rxb6 Rb3 38. Ra6 a3 39. Ke1 Rb1+ 40. Kf2 Rb2+ 41. Kg3 a2 42. Kh3 Kg7 43. g4 h6 44. Ra7 1/2-1/2

[Event "Hillerod CC-ch D"]
[Site "Hillerod"]
[Date "2019.04.02"]
[Round "7"]
[White "Estrup, Philip"]
[Black "Feldung, Arne"]
[Result "1-0"]
[WhiteElo "1527"]
[BlackElo "1384"]
[PlyCount "61"]
[EventDate "2019.01.08"]
[EventType "swiss"]
[EventRounds "7"]
[EventCountry "DEN"]
[SourceTitle "EXT 2024"]
[Source "ChessBase"]
[SourceDate "2023.10.10"]
[SourceVersion "1"]
[SourceVersionDate "2023.10.10"]
[SourceQuality "1"]

1. e4 c6 2. d4 d5 3. Nc3 dxe4 4. Nxe4 Bf5 5. Ng3 Bg6 6. h4 h6 7. Nf3 Nd7 8. h5 Bh7 9. Bd3 Bxd3 10. Qxd3 e6 11. Bd2 Ngf6 12. 0-0-0 Ng4 13. Qe2 Ngf6 14. Ne5 Nxe5 15. dxe5 Nd5 16. a3 Be7 17. f4 f5 18. Nf1 Qb6 19. Ne3 Nxe3 20. Bxe3 Qc7 21. g4 Rd8 22. gxf5 Rxd1+ 23. Rxd1 exf5 24. Qg2 0-0 25. Rg1 Bd8 26. Bc5 Rf7 27. Bd6 Qd7 28. Qg6 Bf6 29. Qxh6 g5 30. exf6 Qxd6 31. Rxg5+ 1-0

[Event "Hillerod CC-ch D"]
[Site "Hillerod"]
[Date "2019.02.13"]
[Round "3"]
[White "Andersen, Lene"]
[Black "Feldung, Arne"]
[Result "0-1"]
[WhiteElo "1000"]
[BlackElo "1384"]
[PlyCount "28"]
[EventDate "2019.01.08"]
[EventType "swiss"]
[EventRounds "7"]
[EventCountry "DEN"]
[SourceTitle "EXT 2024"]
[Source "ChessBase"]
[SourceDate "2023.10.10"]
[SourceVersion "1"]
[SourceVersionDate "2023.10.10"]
[SourceQuality "1"]

1. e4 c6 2. Nc3 e5 3. Nf3 Bd6 4. d4 exd4 5. Nxd4 Qf6 6. Be2 Bc5 7. Be3 d6 8. 0-0 Qg6 9. g4 Qf6 10. Na4 Bb6 11. Qd2 Bc7 12. Rad1 d5 13. Bg5 Qd6 14. Nf5 Qxh2# 0-1

[Event "Hillerod CC-ch D"]
[Site "Hillerod"]
[Date "2019.01.20"]
[Round "1"]
[White "Feldung, Arne"]
[Black "Holm, Erik"]
[Result "0-1"]
[WhiteElo "1384"]
[BlackElo "1363"]
[PlyCount "116"]
[EventDate "2019.01.08"]
[EventType "swiss"]
[EventRounds "7"]
[EventCountry "DEN"]
[SourceTitle "EXT 2024"]
[Source "ChessBase"]
[SourceDate "2023.10.10"]
[SourceVersion "1"]
[SourceVersionDate "2023.10.10"]
[SourceQuality "1"]

1. d4 d5 2. Bf4 Nf6 3. e3 e6 4. Nf3 c5 5. c3 c4 6. Nbd2 Nc6 7. b3 b5 8. bxc4 bxc4 9. Be2 Nh5 10. Bg3 Nxg3 11. hxg3 Bd6 12. Qc2 g6 13. e4 0-0 14. e5 Be7 15. Qc1 Re8 16. Nf1 Bf8 17. Ng5 h5 18. Qf4 Qe7 19. g4 Bh6 20. gxh5 Bxg5 21. Qh2 f5 22. h6 Qh7 23. f4 Be7 24. Qg3 Kf7 25. Nd2 Rh8 26. Nf3 Ke8 27. Ng5 Bxg5 28. Qxg5 Qf7 29. Kd2 Rh7 30. Rh3 Kd7 31. Rg3 Ne7 32. Rh1 Ba6 33. Qf6 Rf8 34. Qh4 Rfh8 35. Qf6 Qe8 36. Rgh3 Ng8 37. Qg5 Qf8 38. Bd1 Bb5 39. Qxg6 Rxh6 40. Rxh6 Rxh6 41. Rxh6 Nxh6 42. Qh7+ Nf7 43. Bh5 Ke7 44. Qg6 Be8 45. Qf6+ Kd7 46. Bd1 Qe7 47. Ba4+ Kd8 48. Qxe7+ Kxe7 49. Bxe8 Kxe8 50. a4 a5 51. Ke3 Nh6 52. Kf3 Kf7 53. Kg3 Kg6 54. Kh4 Ng4 55. Kg3 Kh5 56. Kf3 Kh4 57. g3+ Kh3 58. Ke2 Kxg3 0-1

[Event "Hillerod CC-ch C"]
[Site "Hillerod"]
[Date "2018.02.10"]
[Round "3"]
[White "Pedersen, Jan2222"]
[Black "Feldung, Arne"]
[Result "1-0"]
[WhiteElo "1516"]
[BlackElo "1302"]
[PlyCount "59"]
[EventDate "2018.01.15"]
[EventType "swiss"]
[EventRounds "7"]
[EventCountry "DEN"]
[SourceTitle "EXT 2024"]
[Source "ChessBase"]
[SourceDate "2023.10.10"]
[SourceVersion "1"]
[SourceVersionDate "2023.10.10"]
[SourceQuality "1"]

1. d4 Nf6 2. c4 g6 3. Nc3 Bg7 4. e4 d6 5. f4 0-0 6. Be2 Nbd7 7. e5 dxe5 8. fxe5 Ne8 9. Nf3 c6 10. 0-0 Nc7 11. Bg5 Ne6 12. Qe1 Nxg5 13. Nxg5 f6 14. exf6 Nxf6 15. Qh4 h6 16. Nf3 g5 17. Qf2 Qd6 18. c5 Qd8 19. Bc4+ Nd5 20. a4 Bg4 21. Qe3 Bxf3 22. Rxf3 Kh8 23. Rxf8+ Qxf8 24. Nxd5 cxd5 25. Bxd5 Qd8 26. Qe4 Rb8 27. Rf1 Qc7 28. Rf7 Re8 29. Qg6 Bxd4+ 30. Kh1 1-0

[Event "Hillerod Byturnering E"]
[Site "Hillerod"]
[Date "2016.06.14"]
[Round "7"]
[White "Feldung, Arne"]
[Black "Pedersen, Jan2222"]
[Result "0-1"]
[WhiteElo "1420"]
[BlackElo "1500"]
[PlyCount "100"]
[EventDate "2016.04.26"]
[EventType "swiss"]
[EventRounds "7"]
[EventCountry "DEN"]
[SourceTitle "EXT 2024"]
[Source "ChessBase"]
[SourceDate "2023.10.10"]
[SourceVersion "1"]
[SourceVersionDate "2023.10.10"]
[SourceQuality "1"]

1. Nf3 Nf6 2. g3 Nc6 3. Bg2 h6 4. b3 e5 5. Bb2 d6 6. 0-0 Be7 7. d3 0-0 8. c4 Bg4 9. h3 Be6 10. Kh2 Nh5 11. e3 f5 12. d4 exd4 13. Nxd4 Nxd4 14. Bxd4 Bf7 15. Bxb7 Rb8 16. Bf3 Nf6 17. Bxa7 Ne4 18. Bxb8 Bf6 19. Bxe4 fxe4 20. Nd2 Bxa1 21. Qxa1 Qxb8 22. Nxe4 Qc8 23. f4 Qf5 24. Nf2 Qc5 25. Qd4 Qa3 26. Qd2 Qa8 27. a4 Qf3 28. Rg1 Re8 29. Ng4 h5 30. Nf2 Rxe3 31. Rg2 Re2 32. Qd3 Rxf2 33. Qxf3 Rxf3 34. Rb2 d5 35. Kg2 Rd3 36. Rc2 dxc4 37. bxc4 Ra3 38. c5 Rxa4 39. Rd2 Ra2 40. Rxa2 Bxa2 41. Kf3 Kf7 42. Ke4 Kf6 43. h4 c6 44. f5 Bb1+ 45. Kf4 Bxf5 46. Ke3 Ke5 47. Kf3 Kd5 48. Kf4 g6 49. g4 Bxg4 50. Kg5 Bf5 0-1

[Event "Hillerod op"]
[Site "Hillerod"]
[Date "2015.09.08"]
[Round "1"]
[White "Feldung, Arne"]
[Black "Nielsen, Kai Gylling"]
[Result "0-1"]
[WhiteElo "1426"]
[BlackElo "1755"]
[PlyCount "66"]
[EventDate "2015.09.08"]
[EventType "swiss"]
[EventRounds "7"]
[EventCountry "DEN"]
[SourceTitle "EXT 2024"]
[Source "ChessBase"]
[SourceDate "2023.10.10"]
[SourceVersion "1"]
[SourceVersionDate "2023.10.10"]
[SourceQuality "1"]

1. Nf3 d5 2. g3 Nf6 3. Bg2 c5 4. d3 Nc6 5. 0-0 e5 6. Bg5 Be7 7. Bxf6 Bxf6 8. e4 d4 9. Nbd2 Be6 10. Nc4 b5 11. Ncd2 0-0 12. Nb3 Qb6 13. Qd2 h6 14. c3 c4 15. dxc4 bxc4 16. Nc1 Rfd8 17. cxd4 Nxd4 18. Nxd4 Rxd4 19. Qc3 Rad8 20. Ne2 Rd2 21. Bf3 R8d3 22. Qc1 Qxb2 23. Qxb2 Rxb2 24. Kg2 Ra3 25. Rfc1 Bg5 26. Rc3 Raxa2 27. Ra3 Rxa1 28. Rxa1 Rb7 29. Nc3 Bd8 30. Ra6 Bb6 31. Be2 Bd4 32. Ra3 Rb2 33. Bd1 Rxf2+ 0-1